000
00288nam a2200133Ia 4500
999
_c
7201
_d
7201
008
200302s9999 xx 000 0 und d
020
_a
978026260023
100
_a
Alan B Jacobs
245
_a
Great streets
260
_b
MIT Press
_c
1995
260
_c
1978
300
_a
185
942
_2
ddc